000 00370cam a2200169 4500
001 D12576
008 090401t1942 xxu||||| |||| 00| 0 eng d
035 _a(Sirsi) u4348
041 _aeng
100 _aDavey, Reginald
245 _aMeasurement of trees
260 _bForest Press
_c1942
350 _a0
520 _aShelf 114
942 _n0
948 _c04/03/1997
999 _c86017
_d86017